000 00416nam a2200169Ia 4500
003 LK-CoDNM
008 010623t2012 xxu||||| |||| 00| 1 sin d
040 _aLK-CoDNM
_dLK-CoDNM
_eLK-CoDNM
041 _asin
080 _a37
_bSOO
100 _aSooriyaarachchi,Deepal
245 _aඋඬුගං බලා
246 _aUdugan Bala
260 _bSarasavi
_aNugegoda
_c2012
300 _b206, 21 cm
942 _cBK
999 _c132195
_d132195